Prabhath

Saved in:
Bibliographic Details
Main Author: Gnaninda himi, Deraniyagala
Format: Book
Published: Wellampitiya Lassana 1991
Subjects:
Tags: Add Tag
No Tags, Be the first to tag this record!

MARC

LEADER 00000nam a2200000 a 4500
082 |a 891.483 
100 |a Gnaninda himi, Deraniyagala 
245 |a Prabhath 
260 |a Wellampitiya  |b Lassana   |c 1991 
300 |a 91p. ; 18cm. 
653 |a Sinhalese fiction 
942 |c AFW 
999 |c 159466  |d 159466